000
00338nam a2200145Ia 4500
005
20251222151318.0
008
251222s9999||||xx |||||||||||||| ||spa||
020
_a
8427010419
082
_a
615.321/E23
100
_a
Edde, Gérard
245
0
_a
Ginseng y Plantas Tonicas
250
_a
1ra.ed.
264
_b
Martinaz Roca
942
_c
LIB
999
_c
23623
_d
23623